| 000 | 00000nam##2200000za#4500 |
| 001 | 9.695776 |
| 003 | CaOODSP |
| 005 | 20220818080149 |
| 007 | cr ||||||||||| |
| 008 | 150407|2002||||xxc|||||o f|0| 0 eng|d |
| 040 | |aCaOODSP|beng |
| 043 | |an-cn--- |
| 086 | 1 |aIP34-11/2002E-PDF |
| 110 | 2 |aOffice of the Privacy Commissioner of Canada. |
| 245 | 10|aReport to Parliament concerning substantially similar provincial legislation |h[electronic resource] |
| 260 | |aOttawa - Ontario : |bOffice of the Privacy Commissioner of Canada |cc2002. |
| 300 | |a23p. |
| 500 | |aThe catalogue number (IP34-11/2002) and ISBN (0-662-66621-6) for the bilingual print edition have been incorrectly copied in this electronic publication. |
| 590 | |a12-16-Supp|b2012-04-17 |
| 690 | 07|aFederal institutions|2gcpds |
| 690 | 07|aLegislation|2gcpds |
| 690 | 07|aPrivacy|2gcpds |
| 775 | 08|tRapport au Parlement relativement aux lois provinciales essentiellement similaires |w(CaOODSP)9.639898 |
| 776 | 0#|tReport to Parliament concerning substantially similar provincial legislation |w(CaOODSP)9.663817 |
| 776 | 0#|tRapport au Parlement relativement aux lois provinciales essentiellement similaires |w(CaOODSP)9.663818 |
| 856 | 40|ahttp://publications.gc.ca|qPDF|s441 KB|uhttps://publications.gc.ca/collections/Collection/IP34-11-2002E.pdf |